000 01188nam a2200217Ia 4500
999 _c36767
_d36767
001 2706
003 GE_BSU
005 20190605185114.0
008 181216s2011||||ge |||||||||||||| ||geo||
020 _a9789941200106
040 _cGE_BSU
080 _a271222(479.22)+271.72(479.25)
100 _aჯაფარიძე, ანანია მიტროპოლიტი
_92177
245 _aქართულ-სომხური საეკლესიო ურთიერთობები :
_bეძღვნება სტუ-ს თეოლ. სასწ.-სამეცნ. ცენტრის 10 წლის იუბილეს /
_cმიტროპოლიტი ანანია ჯაფარიძე ; სამეცნ. რედ. ი. გორგიძე
264 _aთბილისი :
_bტექნ. უნ-ტი,
_c2011.
300 _a427 გვ. ;
_b21 სმ.
653 _aსაქართველოს მართლმადიდებელი ეკლესია
653 _aსომხური ეკლესია
700 _aგორგიძე, ი.
_eრედაქტორი
_92178
942 _cBK
_2udc